[Event "Budapest-chT1 Lilienthal 1718"]
[Site "Budapest"]
[Date "2018.03.11"]
[Round "11"]
[White "Racz, Daniel"]
[Black "Bodnar, Janos"]
[Result "0-1"]
[WhiteElo "1765"]
[BlackElo "1493"]
[PlyCount "66"]
[EventDate "2017.10.01"]
[EventType "team-tourn"]
[EventRounds "13"]
[EventCountry "HUN"]
[SourceTitle "EXT 2021"]
[Source "ChessBase"]
[SourceDate "2020.10.23"]
[SourceVersion "1"]
[SourceVersionDate "2020.10.23"]
[SourceQuality "1"]
[WhiteTeam "SENSE"]
[BlackTeam "Barcza GSC"]
[WhiteTeamCountry "HUN"]
[BlackTeamCountry "HUN"]

1. e4 e5 2. Nf3 Nc6 3. Bb5 a6 4. Ba4 Nf6 5. 0-0 Be7 6. Re1 b5 7. Bb3 0-0 8. a4 Bb7 9. c3 d5 10. exd5 Nxd5 11. d4 exd4 12. Nxd4 Nxd4 13. Qxd4 Bf6 14. Qg4 Re8 15. Rf1 Qe7 16. Nd2 g6 17. Nf3 h5 18. Qg3 h4 19. Qh3 Bc8 20. g4 Qe4 21. Re1 Qxe1+ 22. Nxe1 Rxe1+ 23. Kg2 Bb7 24. Bxd5 Bxd5+ 25. f3 Rae8 26. Be3 R1xe3 27. Rf1 g5 28. Kg1 Re2 29. Rf2 Re1+ 30. Rf1 Bc4 31. Rxe1 Rxe1+ 32. Kf2 Re2+ 33. Kg1 Be5 0-1

[Event "Budapest-chT1 Lilienthal 1718"]
[Site "Budapest"]
[Date "2018.01.14"]
[Round "6"]
[White "Bodnar, Janos"]
[Black "Cseke, Viktoria"]
[Result "1-0"]
[WhiteElo "1493"]
[BlackElo "1368"]
[PlyCount "65"]
[EventDate "2017.10.01"]
[EventType "team-tourn"]
[EventRounds "13"]
[EventCountry "HUN"]
[SourceTitle "EXT 2021"]
[Source "ChessBase"]
[SourceDate "2020.10.23"]
[SourceVersion "1"]
[SourceVersionDate "2020.10.23"]
[SourceQuality "1"]
[WhiteTeam "Barcza GSC"]
[BlackTeam "Mattolda"]
[WhiteTeamCountry "HUN"]
[BlackTeamCountry "HUN"]

1. d4 d5 2. Bf4 Nf6 3. e3 Bf5 4. c4 e6 5. Qb3 b6 6. Nc3 Nc6 7. cxd5 Nxd5 8. Bb5 Ndb4 9. e4 Bxe4 10. Nxe4 Qxd4 11. Bxc6+ Nxc6 12. f3 Na5 13. Qc2 Bb4+ 14. Bd2 Bxd2+ 15. Qxd2 Qe5 16. Qc3 Qxc3+ 17. Nxc3 Nc4 18. 0-0-0 Rd8 19. Rxd8+ Kxd8 20. Nh3 h6 21. Re1 Kc8 22. b3 Nd6 23. g4 Rd8 24. Rd1 a6 25. Nf4 g6 26. Kc2 Nb5 27. Rxd8+ Kxd8 28. Nxb5 axb5 29. Nd3 f6 30. Nf4 g5 31. Nxe6+ Kd7 32. Nd4 b4 33. Nf5 1-0